| 000 | 00369nam a2200133Ia 4500 | ||
|---|---|---|---|
| 008 | 170221s9999 xx 000 0 und d | ||
| 100 | _aCiorstan Smark | ||
| 245 | _aEditorial Volume 7 Issue 4 | ||
| 245 | _cCiorstan Smark, Greg Laing, and Ron Perrin | ||
| 260 | _c2012 | ||
| 300 | _a32 : 17 | ||
| 650 | _xBusiness | ||
| 856 | _uhttp://ro.uow.edu.au/aabfj/vol7/iss4/1/ | ||
| 999 |
_c311380 _d311380 |
||